000 00499nam a2200193 4500
003 LK-CoMWRAF
005 20230825204402.0
008 230825b2009 |||||||| |||| 00| 0 eng d
020 _a9789558897171
040 _aLK-CoMWRAF
_dLK-CoMWRAF
_eLK-CoMWRAF
041 _aeng
082 _a823
_bHUS
100 _aHussein, Ameena
245 _aThe Moon in the water
260 _a Colombo :
_bPerera Hussein Publishing House,
_c2009
300 _a239p
650 _aEnglish Fiction
942 _n0
_cBK
999 _c3265
_d3265